LEADER 01553nam a2200289 a 4500 001 000000173782 003 CaOOAMICUS 005 20200827145517.0 008 200826s2019 it rm 000 0 ita r 032 $aLibriCat 040 $aPUL$bita 100 1 $aMajuri, Vincenzo Massimo.$0(OLS)http://pul/name/111610 245 13$a"O philos eteros autos" :$bIl superamento della concezione aristotelica di "amicizia" nella prospettiva tomista dell'"amor amicitiae" /$cVincenzo Massimo Majuri. 260 $aRoma :$bPontificia Universitą Lateranense,$c2020. 300 $a92 p.;$c24 cm 502 $aEstratto da Tesi -- Pontificia Universitas Lateranensis. Facultas Philosophiae. 2019. 504 $aBibliografia: p.[79]-92. 600 04$aThomas Aquinas,$cs.,$dc. 1225-1274$xConcezione dell'amicizia.$0(OLS)http://pul/subject/46281 600 04$aAristoteles,$d384-322 a.C.$xConcezione dell'amicizia.$0(OLS)http://pul/subject/46280 650 04$aAmicizia (Teologia).$0(OLS)http://pul/subject/40883 710 2 $aPontificia Universitą Lateranense$bFacoltą di filosofia$kTesi.$0(OLS)http://pul/name/81773 850 $aPUL 852 $aPUL$W1$xDP1 Tesi Pon Univ. Lateranense$y41$m2020 A 6$j197750$qTesi$B202572$CPULBib$Z2$F202572 $82 941 1 $a16 996 $6245$a"O philos eteros autos" :$bIl superamento della concezione aristotelica di "amicizia" nella prospettiva tomista dell'"amor amicitiae"$9(OLS)http://pul/title/214976 996 $6260$aRoma :$bPontificia Universitą Lateranense$9(OLS)http://pul/publisher/47963 LEADER 01354nam a2200313 a 4500 001 000000141924 003 CaOOAMICUS 005 20150223120844.0 008 150223s2015 it u001 u ita r 020 $a978-88-6512-399-7 040 $aPUL$bita 082 04$a262.9 100 1 $aAttila, Jean Yawovi,$csacerdote,$d1965-$0(OLS)http://pul/name/78256 245 12$aL'azione missionaria della Chiesa ieri e oggi /$cJean Yawovi Attila. 260 $aVenezia :$bMarcianum Press,$c©2015. 300 $a399 p. ;$c22 cm 490 1 $aFacoltą di diritto canonico San Pio X. Monografie ;$v15 504 $aBibliografia: p. 381-395. 650 4$aMissioni$xStoria.$0(OLS)http://pul/subject/3321 830 0$aMonografie (Marcianum Press) ;$v15.$0(OLS)http://pul/title/119473 850 $aPUL 852 $aPUL$W1$xSL Diritto Canonico 3$y77$m262. 9 DCPIOX 4.15$j163813$qDDC 21$B163848$CPULBib$Z2$F163848 $H125456 $82 941 1 $a9 983 0$aMonografie (Facoltą di diritto canonico San Pio X, Venezia) 996 $6020$a978-88-6512-399-7$9(OLS)http://pul/number/157045 996 $6082$a262.9$9(OLS)http://pul/classification/369 996 $6245$aL'azione missionaria della Chiesa ieri e oggi$9(OLS)http://pul/title/179650 996 $6260$aVenezia :$bMarcianum Press$9(OLS)http://pul/publisher/79046